|
|
|
|
| LEADER |
00712nam a2200205 a 4500 |
| 001 |
000645210 |
| 003 |
CZ BrMZK |
| 005 |
20030116123614.0 |
| 007 |
ta |
| 008 |
030112s1950 xr f cze d |
| 040 |
|
|
|a BOA001
|b cze
|c BOA001
|
| 100 |
1 |
|
|a Šamánková, Eva,
|d 1923-1996
|7 jk01122470
|4 dis
|
| 245 |
1 |
0 |
|a Benedikt Rejt z Piestigu /
|c Eva Šamánková
|
| 260 |
|
|
|a [Praha :
|b Filosofická fakulta University Karlovy],
|c 1950
|
| 300 |
|
|
|a 144 s.
|
| 502 |
|
|
|a Disertace -- Univerzita Karlova, 1950
|
| 710 |
2 |
|
|a Univerzita Karlova.
|b Filozofická fakulta
|7 kn20010710340
|
| 910 |
|
|
|a BOA001
|b 4-0251.565
|
| 990 |
|
|
|a BK
|
| 996 |
7 |
|
|b 2619211608
|c 4-0251.565
|l MZK
|r Sklad / do 24 hodin
|n 6
|w 000645210
|u 000010
|a 1
|e BOA001
|j MZK50
|s A
|